Normal view
MARC view
- الحديث-الفقه الاسلامي-السيرة النبوية-الطب الوقائي
Entry Topical Term
001 - CONTROL NUMBER
- control field: 17582
003 - CONTROL NUMBER IDENTIFIER
- control field: JO-AjAnu
005 - DATE AND TIME OF LATEST TRANSACTION
- control field: 20230606073113.0
008 - FIXED-LENGTH DATA ELEMENTS
- fixed length control field: 230606|| aca||aabn | a|a d
040 ## - CATALOGING SOURCE
- Original cataloging agency: JO-AjAnu
- Transcribing agency: JO-AjAnu
150 ## - HEADING--TOPICAL TERM
- Topical term or geographic name entry element: الحديث-الفقه الاسلامي-السيرة النبوية-الطب الوقائي
670 ## - SOURCE DATA FOUND
- Source citation: Work cat.: (JO-AjAnu)9027: وردة،باسم حسن, author 17581, الهدي النبوي في الطب الوقائي